| 000 | 00439nam a22001097a 4500 | ||
|---|---|---|---|
| 999 |
_c2801 _d2801 |
||
| 008 | 180716b ||||| |||| 00| 0 eng d | ||
| 100 | _aHall, Andrew | ||
| 245 | _aScandinavia revenues (1st ed 1983) | ||
| 260 |
_aYork, England _bJ. Barefoot _c1983 |
||
| 650 | _aScandinavia | Revenues | Denmark | Finland | Norway | Iceland | Sweden | Danish West Indies | Faroe Islands | Catalogs and Price Lists | Cinderella Material | ||
| 700 | _aBarefoot, John | ||